000 00490nam a2200169 i 4500
001 142165
003 ES-MaACL
005 20230906200448.0
007 t|
008 071003s1963 ag ||||1| cat d
100 1 _aWaltari, Mika.
_9116000
245 1 0 _aSinuhé l'egipci /
_cMika Waltari ; traducció catalana Josep Pujol.
260 _aBuenos Aires :
_bPlaza y Janés,
_c1963.
300 _a504 p. ;
_c18 cm.
700 1 _aPujol, Josep.
_994338
852 _aES-MaACL
_jC-24942
_bR.53440
999 _c142165
_d142165